000 00958nam a22003017a 4500
003 CHAP
005 20220329134940.0
008 971013s1955 r 00010 d
010 _a28552
011 _a29524
035 _a33635
040 _cCHAP
082 _a338.14
_bK64
100 0 0 _aKohls, Richard L.
_963644
245 _aMarketing of agricultural products
260 _aNew York :
_bMacMillan,
_c1955
300 _a399 p.
_b: ilus.
590 _aBATCH-UPD
_b10
_c20130110
_lUCH01
_h1128
590 _aBATCH-UPD
_b10
_c20130410
_lUCH01
_h0717
590 _aBATCH-UPD
_b10
_c20130914
_lUCH01
_h1938
590 _aCONVERSION
_b10
_c20130109
_lUCH01
_h1316
650 1 4 _aProductos agrícolas.
_991896
650 1 4 _aProductos agrícolas
_xMercadeo
_xE.U.A.
_991966
901 _aBK
942 _cLIBRO
949 _a338.14 K64
_bBC
_cLIBRO
_d33724000153219
_eLIBRO
_fc.2
_h5623
_i33635
_si
949 _a338.14 K64
_bBC
_cLIBRO
_d33724000153227
_eLIBRO
_h5622
_i33635
_si
999 _c28552
_d28552